| 000 | 00614nam a2200217 a 4500 | ||
|---|---|---|---|
| 001 | 20402 | ||
| 003 | VRT | ||
| 005 | 20260122113648.0 | ||
| 008 | 250401s1975 xo 000 u slo c | ||
| 035 | _aTFKE032197 | ||
| 039 | 9 |
_a202504011425 _bVLOAD _c202104261748 _dAUTHORITY |
|
| 040 |
_aKURUKTKE _bslo _cSNK _eAACR2 |
||
| 041 | 0 | _aslo | |
| 044 |
_axo _cSK |
||
| 100 | 1 |
_aDvořák, Pavel, _d1937-2018 |
|
| 245 | 1 | 0 | _aOdkryté dejiny. (Staré Slovensko). |
| 260 |
_aBratislava _bNakladateľstvo Pravda _c1975 |
||
| 300 | _a362 s. | ||
| 942 |
_2ddc _cOLDO _n0 |
||
| 949 |
_63822020939 _akuruktkeD-1537 _bkuruktke2006/020939 |
||
| 999 |
_c20402 _d20402 |
||